| 000 | 00627nam a2200133Ia 4500 | ||
|---|---|---|---|
| 008 | 171212s9999 xx 000 0 und d | ||
| 020 | _a9780823267774 | ||
| 100 | _aBennett, Gaymon | ||
| 245 |
_cBennett, Gaymon _aTechnicians of Human Dignity _bBodies, Souls, and the Making of Intrinsic Worth |
||
| 260 |
_bFordham University Press _c2016 |
||
| 650 | _aHealth Sciences | ||
| 650 | _aRespect for persons; Bioethics; Human rights; Vatican Council (2nd : 1962–1965 : Basilica di San Pietro in Vaticano). Constitutio pastoralis de ecclesia in mundo huius temporis; United Nations | ||
| 856 | _uhttp://jstor.org/stable/j.ctt17t74tb | ||
| 999 |
_c351485 _d351485 |
||